Analitičeskaja lazernaja spektroskopija

Guardado en:
Detalles Bibliográficos
Autor principal: Omenetto, Nic (Autor)
Formato: Libro
Lenguaje:ruso
Publicado: Moskva : Mir, 1982
Etiquetas: Agregar Etiqueta
Sin Etiquetas, Sea el primero en etiquetar este registro!

MARC

LEADER 00000nam a22000003a 4500
001 stu140608
005 20150617225929.8
008 070430s1982----xxr-----------------rus-d
040 |a STU  |b slo 
041 0 |a rus 
044 |a xxr 
100 1 |a Omenetto, Nic  |4 aut 
245 1 |a Analitičeskaja lazernaja spektroskopija 
260 |a Moskva :  |b Mir,  |c 1982 
996 |b E50875  |c E*50875  |l EE10  |s P  |a 0  |w stu140608_0001